<The> Scandinavian journal of economics
Na minha lista:
| Formato: | Periódico |
|---|---|
| Idioma: | inglês |
| Publicado em: |
Oxford
Blackwell Publishers
2001
|
| Assuntos: | |
| Tags: |
Sem tags, seja o primeiro a adicionar uma tag!
|
MARC
| LEADER | 00000nas2a22000001 4500 | ||
|---|---|---|---|
| 001 | 0007187 | ||
| 005 | 20230412104052.5 | ||
| 041 | 0 | |a eng | |
| 044 | |a SE | ||
| 245 | 1 | 0 | |a <The> Scandinavian journal of economics |
| 264 | 1 | |a Oxford |b Blackwell Publishers |c 2001 | |
| 300 | |a 1 zv. | ||
| 773 | 0 | |w eu_un_cat*s120473 | |
| 610 | 2 | 0 | |a veda ekonomická |
| 610 | 2 | 0 | |a vývoj hospodársky |
| 610 | 2 | 0 | |a Škandinávia |